
Library Catalogue

| 000 -LEADER | |
|---|---|
| fixed length control field | 01254cam a2200349 a 4500 |
| 001 - CONTROL NUMBER | |
| control field | 13662703 |
| 003 - CONTROL NUMBER IDENTIFIER | |
| control field | OSt |
| 005 - DATE AND TIME OF LATEST TRANSACTION | |
| control field | 20210928170435.0 |
| 008 - FIXED-LENGTH DATA ELEMENTS--GENERAL INFORMATION | |
| fixed length control field | 040722s2003 enkk 001 0 eng c |
| 010 ## - LIBRARY OF CONGRESS CONTROL NUMBER | |
| LC control number | 2004555231 |
| 020 ## - INTERNATIONAL STANDARD BOOK NUMBER | |
| International Standard Book Number | 1874241619 : |
| Terms of availability | £16.95 |
| 020 ## - INTERNATIONAL STANDARD BOOK NUMBER | |
| International Standard Book Number | 9781859418291 |
| 040 ## - CATALOGING SOURCE | |
| Original cataloging agency | DLC/MoSU-L |
| Transcribing agency | MoSU-L |
| Modifying agency | DLC |
| 042 ## - AUTHENTICATION CODE | |
| Authentication code | lcnccp |
| 043 ## - GEOGRAPHIC AREA CODE | |
| Geographic area code | e-uk--- |
| 050 00 - LIBRARY OF CONGRESS CALL NUMBER | |
| Classification number | KD2460 |
| Item number | .S73 2003 |
| 082 00 - DEWEY DECIMAL CLASSIFICATION NUMBER | |
| Classification number | 341.7/54 |
| Edition number | 20 |
| 245 00 - TITLE STATEMENT | |
| Title | Statutes and Conventions on International Trade Law / |
| Statement of responsibility, etc. | Indira Carr and Richard Kidner [editors]. |
| 246 30 - VARYING FORM OF TITLE | |
| Title proper/short title | International trade law |
| 250 ## - EDITION STATEMENT | |
| Edition statement | 4th ed. |
| 260 ## - PUBLICATION, DISTRIBUTION, ETC. | |
| Place of publication, distribution, etc. | London ; |
| -- | Portland, Or. : |
| Name of publisher, distributor, etc. | Cavendish Pub., |
| Date of publication, distribution, etc. | 2003. |
| 300 ## - PHYSICAL DESCRIPTION | |
| Extent | xii, 655 p. : |
| Other physical details | forms ; |
| Dimensions | 25 cm. |
| 500 ## - GENERAL NOTE | |
| General note | Includes index. |
| 505 ## - FORMATTED CONTENTS NOTE | |
| Formatted contents note | Table of contents<br/>Statutes; <br/>Statutory Instruments; <br/>European Union Materials; <br/>Conventions; <br/>Rules Model Law; <br/>Standard Forms. |
| 650 #0 - SUBJECT ADDED ENTRY--TOPICAL TERM | |
| Topical term or geographic name entry element | Foreign trade regulation |
| Geographic subdivision | Great Britain. |
| 700 1# - ADDED ENTRY--PERSONAL NAME | |
| Personal name | Carr, Indira. |
| 700 1# - ADDED ENTRY--PERSONAL NAME | |
| Personal name | Kidner, Richard. |
| 856 ## - ELECTRONIC LOCATION AND ACCESS | |
| Uniform Resource Identifier | <a href="https://www.google.co.in/books/edition/International_Trade_Law/0lE3AgAAQBAJ?hl=en&gbpv=1&printsec=frontcover">https://www.google.co.in/books/edition/International_Trade_Law/0lE3AgAAQBAJ?hl=en&gbpv=1&printsec=frontcover</a> |
| 906 ## - LOCAL DATA ELEMENT F, LDF (RLIN) | |
| a | 7 |
| b | cbc |
| c | nccpada |
| d | 3 |
| e | ncip |
| f | 19 |
| g | y-gencatlg |
| 942 ## - ADDED ENTRY ELEMENTS (KOHA) | |
| Source of classification or shelving scheme | Dewey Decimal Classification |
| Koha item type | BOOKs |
| Withdrawn status | Lost status | Damaged status | Not for loan | Home library | Current library | Shelving location | Date acquired | Cost, normal purchase price | Total Checkouts | Full call number | Barcode | Date last seen | Price effective from | Koha item type |
|---|---|---|---|---|---|---|---|---|---|---|---|---|---|---|
| NLS | NLS | 30/05/2017 | 2148.00 | 341.754 CAR | 19456 | 30/05/2017 | 30/05/2017 | BOOKs |